Top Fives of Things - Statistics

General Stats
  • This quiz has been taken 102 times
  • The average score is 16 of 30
Answer Stats
answer % Correct
China
95%
India
93%
Everest
92%
Neil Armstrong
91%
United States
89%
K2
81%
Indonesia
77%
Elizabeth II
73%
Joe Biden
73%
Cairo
72%
Pakistan
72%
Donald Trump
70%
Buzz Aldrin
67%
Cape Town
65%
Lagos
59%
Johannesburg
57%
George V
55%
Ronald Reagan
52%
Nairobi
49%
George VI
48%
Edward VIII
42%
Dwight Eisenhower
33%
Edward VII
27%
Andrew Jackson
20%
Lhotse
10%
Alan Shepard
8%
Kanchenjunga
8%
Pete Conrad
3%
Alan Bean
2%
Makalu
2%
No matching quizzes found
Score Distribution
Percent of People with Each Score
Percentile by Number Answered
Your Score History
You have not taken this quiz